[Event "World Youth & Cadets Rapid Championships"]
[Site "Rhodes, Greece"]
[Date "2022.05.02"]
[Round "7.32"]
[White "Hryzlova, Sofiia"]
[Black "Nurgali, Nazerke"]
[Result "1-0"]
[TimeControl "10'/game & 5\"/move"]
[WhiteElo "2011"]
[BlackElo "2056"]

1. d4 {[%clk 00:10:09]} {[%emt 00:00:01]} d5 {[%clk 00:10:09]} {[%emt
00:00:01]} 2. c4 {[%clk 00:10:12]} {[%emt 00:00:02]} e6 {[%clk 00:10:12]}
{[%emt 00:00:02]} 3. Nc3 {[%clk 00:10:15]} {[%emt 00:00:02]} Be7 {[%clk
00:10:15]} {[%emt 00:00:02]} 4. g3 {[%clk 00:10:04]} {[%emt 00:00:17]} Nf6
{[%clk 00:10:15]} {[%emt 00:00:04]} 5. Bg2 {[%clk 00:10:06]} {[%emt 00:00:02]}
O-O {[%clk 00:10:16]} {[%emt 00:00:05]} 6. Nf3 {[%clk 00:10:04]} {[%emt
00:00:07]} c6 {[%clk 00:10:06]} {[%emt 00:00:14]} 7. O-O {[%clk 00:09:39]}
{[%emt 00:00:30]} b6 {[%clk 00:10:10]} {[%emt 00:00:02]} 8. b3 {[%clk
00:09:37]} {[%emt 00:00:07]} Bb7 {[%clk 00:10:02]} {[%emt 00:00:13]} 9. Bb2
{[%clk 00:09:38]} {[%emt 00:00:05]} Nbd7 {[%clk 00:09:56]} {[%emt 00:00:11]} 10.
Qd3 {[%clk 00:09:27]} {[%emt 00:00:15]} c5 {[%clk 00:09:01]} {[%emt 00:01:00]}
11. cxd5 {[%clk 00:08:29]} {[%emt 00:01:03]} exd5 {[%clk 00:09:01]} {[%emt
00:00:04]} 12. Rfd1 {[%clk 00:08:15]} {[%emt 00:00:19]} Rc8 {[%clk 00:08:00]}
{[%emt 00:01:07]} 13. e3 {[%clk 00:06:29]} {[%emt 00:01:51]} Ne4 {[%clk
00:07:06]} {[%emt 00:00:59]} 14. Rac1 {[%clk 00:05:09]} {[%emt 00:01:25]} cxd4
{[%clk 00:06:22]} {[%emt 00:00:49]} 15. Nxd4 {[%clk 00:04:50]} {[%emt
00:00:24]} Ndc5 {[%clk 00:05:51]} {[%emt 00:00:36]} 16. Qb1 {[%clk 00:04:21]}
{[%emt 00:00:34]} Nxc3 {[%clk 00:03:59]} {[%emt 00:01:58]} 17. Bxc3 {[%clk
00:04:20]} {[%emt 00:00:05]} Bf6 {[%clk 00:03:54]} {[%emt 00:00:10]} 18. Nb5
{[%clk 00:03:41]} {[%emt 00:00:44]} a6 {[%clk 00:03:31]} {[%emt 00:00:28]} 19.
Bxf6 {[%clk 00:03:41]} {[%emt 00:00:05]} Qxf6 {[%clk 00:03:35]} {[%emt
00:00:01]} 20. Nc3 {[%clk 00:03:39]} {[%emt 00:00:07]} Ne6 {[%clk 00:02:26]}
{[%emt 00:01:14]} 21. Nxd5 {[%clk 00:03:10]} {[%emt 00:00:34]} Bxd5 {[%clk
00:02:28]} {[%emt 00:00:03]} 22. Rxd5 {[%clk 00:03:12]} {[%emt 00:00:03]} g6
{[%clk 00:02:20]} {[%emt 00:00:13]} 23. Rcd1 {[%clk 00:03:00]} {[%emt
00:00:16]} Rc3 {[%clk 00:02:03]} {[%emt 00:00:21]} 24. R5d3 {[%clk 00:02:22]}
{[%emt 00:00:45]} Rc7 {[%clk 00:01:52]} {[%emt 00:00:16]} 25. Qa1 {[%clk
00:02:19]} {[%emt 00:00:08]} Qe7 {[%clk 00:01:45]} {[%emt 00:00:11]} 26. Qe5
{[%clk 00:02:12]} {[%emt 00:00:10]} Rc2 {[%clk 00:01:36]} {[%emt 00:00:16]} 27.
a4 {[%clk 00:01:57]} {[%emt 00:00:20]} Qb4 {[%clk 00:01:19]} {[%emt 00:00:21]}
28. Qd6 {[%clk 00:01:49]} {[%emt 00:00:15]} Nc5 {[%clk 00:01:16]} {[%emt
00:00:08]} 29. Rd4 {[%clk 00:01:44]} {[%emt 00:00:10]} Qxb3 {[%clk 00:01:17]}
{[%emt 00:00:04]} 30. Bd5 {[%clk 00:01:43]} {[%emt 00:00:06]} Qb2 {[%clk
00:01:14]} {[%emt 00:00:08]} 31. Rf4 {[%clk 00:01:40]} {[%emt 00:00:08]} Rc1
{[%clk 00:00:54]} {[%emt 00:00:24]} 32. Rxc1 {[%clk 00:01:26]} {[%emt
00:00:19]} Qxc1+ {[%clk 00:00:58]} 33. Kg2 {[%clk 00:01:30]} {[%emt 00:00:02]}
Qb2 {[%clk 00:01:01]} {[%emt 00:00:02]} 34. Qe7 {[%clk 00:01:19]} {[%emt
00:00:16]} Qg7 {[%clk 00:01:03]} {[%emt 00:00:03]} 35. Qc7 {[%clk 00:01:11]}
{[%emt 00:00:12]} Nxa4 {[%clk 00:01:04]} {[%emt 00:00:05]} 36. Rxa4 {[%clk
00:01:13]} {[%emt 00:00:03]} b5 {[%clk 00:00:55]} {[%emt 00:00:15]} 37. Rxa6
{[%clk 00:01:14]} {[%emt 00:00:04]} b4 {[%clk 00:00:58]} 38. Rb6 {[%clk
00:01:15]} {[%emt 00:00:03]} Qb2 {[%clk 00:00:47]} {[%emt 00:00:17]} 39. Rb7
{[%clk 00:01:15]} {[%emt 00:00:05]} Qf6 {[%clk 00:00:46]} {[%emt 00:00:06]} 40.
Rxb4 {[%clk 00:01:16]} {[%emt 00:00:04]} h5 {[%emt 00:00:08]} 41. Rf4 {[%clk
00:01:16]} {[%emt 00:00:03]} Qg7 {[%clk 00:00:48]} {[%emt 00:00:02]} 42. Rxf7
{[%clk 00:01:11]} {[%emt 00:00:09]} Rxf7 {[%clk 00:00:52]} {[%emt 00:00:02]} 43.
Qxf7+ {[%clk 00:01:14]} {[%emt 00:00:02]} 1-0

[Event "World Youth & Cadets Rapid Championships"]
[Site "Rhodes, Greece"]
[Date "2022.05.02"]
[Round "7.33"]
[White "Blokhin, Sofia"]
[Black "Omonova, Umida"]
[Result "0-1"]
[TimeControl "10'/game & 5\"/move"]
[WhiteElo "1903"]
[BlackElo "1856"]

1. e4 {[%clk 00:10:08]} {[%emt 00:00:02]} c5 {[%clk 00:10:09]} {[%emt
00:00:02]} 2. Nf3 {[%clk 00:10:11]} {[%emt 00:00:01]} Nc6 {[%emt 00:00:02]} 3.
d4 {[%clk 00:10:15]} cxd4 {[%clk 00:10:18]} {[%emt 00:00:01]} 4. Nxd4 {[%clk
00:10:18]} {[%emt 00:00:02]} g6 {[%clk 00:10:23]} 5. Nc3 {[%clk 00:10:20]}
{[%emt 00:00:03]} Bg7 {[%clk 00:10:27]} 6. Be3 {[%clk 00:10:23]} {[%emt
00:00:02]} Nf6 {[%clk 00:10:32]} {[%emt 00:00:01]} 7. Nxc6 {[%clk 00:10:26]}
{[%emt 00:00:01]} bxc6 {[%clk 00:10:36]} {[%emt 00:00:01]} 8. e5 {[%clk
00:10:29]} {[%emt 00:00:02]} Ng8 {[%clk 00:10:40]} {[%emt 00:00:01]} 9. f4
{[%clk 00:10:31]} {[%emt 00:00:02]} Nh6 {[%clk 00:10:11]} {[%emt 00:00:35]} 10.
g3 {[%clk 00:09:13]} {[%emt 00:01:22]} O-O {[%clk 00:10:05]} {[%emt 00:00:12]}
11. Bg2 {[%clk 00:09:00]} {[%emt 00:00:18]} Ba6 {[%emt 00:00:40]} 12. Qd2
{[%clk 00:08:21]} {[%emt 00:00:04]} d5 {[%clk 00:09:49]} {[%emt 00:00:25]} 13.
Bc5 {[%clk 00:07:13]} {[%emt 00:01:13]} Re8 {[%clk 00:09:50]} {[%emt 00:00:05]}
14. O-O-O {[%clk 00:07:05]} {[%emt 00:00:13]} f6 {[%clk 00:09:38]} {[%emt
00:00:17]} 15. Rhe1 {[%clk 00:06:23]} {[%emt 00:00:47]} fxe5 {[%clk 00:09:37]}
{[%emt 00:00:07]} 16. fxe5 {[%clk 00:06:22]} {[%emt 00:00:05]} Nf5 {[%clk
00:09:38]} {[%emt 00:00:04]} 17. g4 {[%clk 00:06:00]} {[%emt 00:00:27]} Bh6
{[%clk 00:09:34]} {[%emt 00:00:09]} 18. g5 {[%clk 00:06:00]} {[%emt 00:00:05]}
Bg7 {[%clk 00:09:38]} {[%emt 00:00:01]} 19. Bh3 {[%clk 00:05:25]} {[%emt
00:00:39]} Qa5 {[%clk 00:08:42]} {[%emt 00:01:01]} 20. Bxf5 {[%clk 00:04:31]}
{[%emt 00:00:59]} Qxc5 {[%clk 00:08:40]} {[%emt 00:00:08]} 21. Be6+ {[%clk
00:04:27]} {[%emt 00:00:08]} Kh8 {[%clk 00:08:44]} {[%emt 00:00:02]} 22. Qd4
{[%clk 00:03:00]} {[%emt 00:01:32]} Qxd4 {[%clk 00:08:19]} {[%emt 00:00:30]} 23.
Rxd4 {[%clk 00:03:04]} {[%emt 00:00:01]} Rf8 {[%clk 00:08:23]} {[%emt
00:00:02]} 24. h4 {[%clk 00:02:56]} {[%emt 00:00:12]} h5 {[%clk 00:08:03]}
{[%emt 00:00:25]} 25. Bd7 {[%clk 00:02:22]} {[%emt 00:00:39]} Bb7 {[%clk
00:07:59]} {[%emt 00:00:09]} 26. Na4 {[%clk 00:02:07]} {[%emt 00:00:20]} Rad8
{[%clk 00:06:50]} {[%emt 00:01:13]} 27. Nc5 {[%clk 00:02:04]} {[%emt 00:00:08]}
Bc8 {[%clk 00:06:55]} 28. Bxc8 {[%clk 00:01:16]} {[%emt 00:00:53]} Rxc8 {[%clk
00:06:59]} 29. Ne6 {[%clk 00:01:17]} {[%emt 00:00:03]} Rf5 {[%clk 00:06:59]}
{[%emt 00:00:04]} 30. Nxg7 {[%clk 00:00:45]} {[%emt 00:00:39]} Kxg7 {[%emt
00:00:12]} 31. c4 {[%clk 00:00:28]} {[%emt 00:00:10]} e6 {[%emt 00:00:20]} 32.
Kd2 {[%clk 00:00:17]} c5 {[%clk 00:06:59]} {[%emt 00:00:09]} 33. Rd3 d4 {[%emt
00:00:10]} 34. Ra3 {[%clk 00:00:22]} Rc7 {[%clk 00:07:02]} 35. Ra6 {[%clk
00:00:25]} {[%emt 00:00:04]} Kf7 {[%emt 00:00:01]} 36. Re4 {[%clk 00:00:12]}
{[%emt 00:00:18]} Rf2+ {[%clk 00:07:00]} {[%emt 00:00:11]} 37. Kc1 {[%clk
00:00:10]} {[%emt 00:00:07]} Ke7 {[%emt 00:00:03]} 38. b3 {[%clk 00:00:11]}
{[%emt 00:00:03]} Rd7 {[%clk 00:06:55]} {[%emt 00:00:13]} 39. Rc6 {[%clk
00:00:12]} {[%emt 00:00:04]} d3 {[%clk 00:07:00]} 40. Rd6 {[%clk 00:00:10]}
{[%emt 00:00:06]} Rxd6 {[%clk 00:06:55]} {[%emt 00:00:10]} 41. exd6+ {[%clk
00:00:14]} {[%emt 00:00:01]} Kxd6 {[%clk 00:06:59]} 42. Re3 {[%clk 00:00:17]}
{[%emt 00:00:02]} Rf4 {[%clk 00:06:03]} {[%emt 00:01:01]} 43. Rxd3+ {[%clk
00:00:20]} {[%emt 00:00:02]} Ke7 {[%emt 00:00:03]} 44. Rh3 {[%clk 00:00:14]}
{[%emt 00:00:10]} e5 {[%clk 00:06:11]} {[%emt 00:00:01]} 45. Kd2 {[%clk
00:00:11]} {[%emt 00:00:07]} Ke6 {[%emt 00:00:12]} 46. Ke3 {[%emt 00:00:23]}
Kf5 {[%clk 00:05:22]} {[%emt 00:00:27]} 47. a3 {[%clk 00:00:17]} {[%emt
00:00:02]} a5 {[%clk 00:05:26]} {[%emt 00:00:01]} 48. Rh1 {[%clk 00:00:13]}
{[%emt 00:00:07]} Kg4 {[%clk 00:05:24]} 0-1

[Event "World Youth & Cadets Rapid Championships"]
[Site "Rhodes, Greece"]
[Date "2022.05.02"]
[Round "7.34"]
[White "Starosta, Martyna"]
[Black "Aydin, Gulenay"]
[Result "0-1"]
[TimeControl "10'/game & 5\"/move"]
[WhiteElo "1889"]
[BlackElo "2143"]

1. e4 {[%clk 00:10:08]} {[%emt 00:00:02]} c5 {[%clk 00:10:09]} {[%emt
00:00:01]} 2. Nf3 {[%clk 00:10:12]} {[%emt 00:00:01]} d6 {[%clk 00:10:13]}
{[%emt 00:00:01]} 3. d4 {[%clk 00:10:16]} {[%emt 00:00:01]} cxd4 {[%clk
00:10:17]} {[%emt 00:00:01]} 4. Nxd4 {[%clk 00:10:20]} Nf6 {[%clk 00:10:21]}
{[%emt 00:00:01]} 5. Nc3 {[%clk 00:10:24]} {[%emt 00:00:01]} g6 {[%clk
00:10:26]} {[%emt 00:00:01]} 6. Be3 {[%clk 00:10:25]} {[%emt 00:00:03]} Bg7
{[%clk 00:10:30]} {[%emt 00:00:01]} 7. f3 {[%clk 00:10:28]} {[%emt 00:00:02]}
a6 {[%clk 00:10:34]} 8. Qd2 {[%clk 00:10:17]} {[%emt 00:00:17]} h5 {[%clk
00:10:38]} {[%emt 00:00:01]} 9. Bc4 {[%clk 00:09:59]} {[%emt 00:00:23]} b5
{[%clk 00:10:38]} {[%emt 00:00:04]} 10. Bb3 {[%clk 00:09:58]} {[%emt 00:00:06]}
Bb7 {[%clk 00:10:42]} {[%emt 00:00:01]} 11. O-O {[%clk 00:09:26]} {[%emt
00:00:37]} Nbd7 {[%clk 00:10:35]} {[%emt 00:00:12]} 12. a4 {[%clk 00:09:04]}
{[%emt 00:00:27]} b4 {[%clk 00:10:08]} {[%emt 00:00:32]} 13. Nd5 {[%clk
00:08:43]} {[%emt 00:00:26]} a5 {[%clk 00:09:31]} {[%emt 00:00:43]} 14. Rae1
{[%clk 00:06:36]} {[%emt 00:02:11]} O-O {[%clk 00:09:03]} {[%emt 00:00:33]} 15.
Nxf6+ {[%clk 00:04:48]} {[%emt 00:01:54]} Nxf6 {[%clk 00:08:54]} {[%emt
00:00:13]} 16. Bh6 {[%clk 00:04:28]} {[%emt 00:00:25]} Qb6 {[%clk 00:07:55]}
{[%emt 00:01:04]} 17. Bxg7 {[%clk 00:04:31]} {[%emt 00:00:02]} Kxg7 {[%clk
00:07:59]} {[%emt 00:00:02]} 18. Kh1 {[%clk 00:04:35]} {[%emt 00:00:01]} Qc5
{[%clk 00:07:44]} {[%emt 00:00:19]} 19. Rd1 {[%clk 00:04:18]} {[%emt 00:00:22]}
Rac8 {[%clk 00:07:17]} {[%emt 00:00:32]} 20. Rfe1 {[%clk 00:03:47]} {[%emt
00:00:36]} h4 {[%clk 00:06:38]} {[%emt 00:00:44]} 21. Qf4 {[%clk 00:02:58]}
{[%emt 00:00:53]} Rh8 {[%clk 00:05:08]} {[%emt 00:01:36]} 22. e5 {[%clk
00:01:59]} {[%emt 00:01:04]} dxe5 {[%clk 00:05:12]} {[%emt 00:00:01]} 23. Rxe5
{[%emt 00:00:21]} Qc7 {[%clk 00:04:58]} 24. Nb5 {[%clk 00:01:39]} {[%emt
00:00:29]} Qb8 {[%clk 00:04:44]} {[%emt 00:00:18]} 25. Qe3 {[%clk 00:00:59]}
{[%emt 00:00:45]} h3 {[%clk 00:04:26]} {[%emt 00:00:24]} 26. g3 {[%clk
00:00:34]} {[%emt 00:00:30]} Ng4 {[%clk 00:04:05]} {[%emt 00:00:25]} 27. Qf4
{[%clk 00:00:10]} {[%emt 00:00:29]} Nxe5 {[%clk 00:03:55]} {[%emt 00:00:16]} 28.
Re1 {[%clk 00:00:12]} {[%emt 00:00:02]} Nxf3 {[%clk 00:02:09]} {[%emt
00:01:51]} 29. Qxf7+ {[%clk 00:00:16]} Kh6 {[%clk 00:02:13]} 30. Re6 {[%clk
00:00:07]} {[%emt 00:00:14]} Ng5+ {[%clk 00:02:01]} {[%emt 00:00:17]} 31. Kg1
{[%clk 00:00:10]} {[%emt 00:00:02]} Nxf7 {[%clk 00:02:04]} {[%emt 00:00:02]}
0-1

[Event "World Youth & Cadets Rapid Championships"]
[Site "Rhodes, Greece"]
[Date "2022.05.02"]
[Round "7.35"]
[White "Siekanska, Maria"]
[Black "Katter, Marlene"]
[Result "1-0"]
[TimeControl "10'/game & 5\"/move"]
[WhiteElo "1865"]
[BlackElo "1674"]

1. d4 {[%clk 00:10:08]} d5 {[%clk 00:10:09]} {[%emt 00:00:02]} 2. c4 {[%clk
00:10:12]} {[%emt 00:00:01]} e6 {[%clk 00:10:08]} {[%emt 00:00:06]} 3. Nc3
{[%clk 00:10:12]} {[%emt 00:00:06]} Nf6 {[%clk 00:10:11]} {[%emt 00:00:02]} 4.
cxd5 {[%clk 00:10:15]} {[%emt 00:00:02]} exd5 {[%clk 00:10:15]} {[%emt
00:00:01]} 5. Bg5 {[%clk 00:10:18]} {[%emt 00:00:01]} c6 {[%clk 00:10:17]}
{[%emt 00:00:03]} 6. e3 {[%clk 00:10:22]} {[%emt 00:00:01]} Be7 {[%clk
00:10:18]} {[%emt 00:00:04]} 7. Bd3 {[%clk 00:10:22]} {[%emt 00:00:02]} O-O
{[%clk 00:10:21]} {[%emt 00:00:05]} 8. Nge2 {[%clk 00:10:25]} {[%emt 00:00:03]}
Nbd7 {[%clk 00:10:07]} {[%emt 00:00:19]} 9. O-O {[%clk 00:10:26]} {[%emt
00:00:03]} Re8 {[%clk 00:10:00]} {[%emt 00:00:12]} 10. Qc2 {[%clk 00:10:27]}
{[%emt 00:00:04]} h6 {[%clk 00:10:02]} {[%emt 00:00:04]} 11. Bh4 {[%clk
00:10:29]} {[%emt 00:00:02]} Nh5 {[%clk 00:09:34]} {[%emt 00:00:32]} 12. Bxe7
{[%clk 00:10:26]} {[%emt 00:00:09]} Qxe7 {[%clk 00:09:28]} {[%emt 00:00:12]} 13.
Rae1 {[%clk 00:10:20]} {[%emt 00:00:11]} Nhf6 {[%clk 00:08:17]} {[%emt
00:01:15]} 14. Nc1 {[%clk 00:10:07]} {[%emt 00:00:18]} Nb6 {[%clk 00:07:44]}
{[%emt 00:00:39]} 15. f3 {[%clk 00:09:40]} {[%emt 00:00:31]} Qd8 {[%clk
00:06:52]} {[%emt 00:00:57]} 16. Qf2 {[%clk 00:09:16]} {[%emt 00:00:29]} Be6
{[%clk 00:06:09]} {[%emt 00:00:48]} 17. Kh1 {[%clk 00:08:55]} {[%emt 00:00:26]}
Qc7 {[%clk 00:05:35]} {[%emt 00:00:40]} 18. Rg1 {[%clk 00:07:36]} {[%emt
00:01:23]} a5 {[%clk 00:04:01]} {[%emt 00:01:40]} 19. g4 {[%clk 00:07:31]}
{[%emt 00:00:09]} Kf8 {[%clk 00:02:53]} {[%emt 00:01:13]} 20. g5 {[%clk
00:07:21]} {[%emt 00:00:16]} hxg5 {[%clk 00:02:36]} {[%emt 00:00:21]} 21. Rxg5
{[%clk 00:07:23]} {[%emt 00:00:03]} Ng8 {[%clk 00:01:27]} {[%emt 00:01:14]} 22.
Reg1 {[%clk 00:07:14]} {[%emt 00:00:14]} g6 {[%clk 00:01:15]} {[%emt 00:00:17]}
23. Qh4 {[%clk 00:07:01]} {[%emt 00:00:18]} Nd7 {[%clk 00:01:01]} {[%emt
00:00:19]} 24. f4 {[%clk 00:06:36]} {[%emt 00:00:30]} Ndf6 {[%clk 00:00:53]}
{[%emt 00:00:14]} 25. Nb3 {[%clk 00:05:22]} {[%emt 00:01:19]} b6 {[%clk
00:00:53]} {[%emt 00:00:05]} 26. f5 {[%emt 00:00:51]} gxf5 {[%clk 00:00:51]}
{[%emt 00:00:05]} 27. Ne2 {[%clk 00:04:22]} {[%emt 00:00:21]} Ke7 {[%clk
00:00:49]} {[%emt 00:00:07]} 28. Bxf5 {[%clk 00:04:14]} {[%emt 00:00:12]} Bxf5
{[%clk 00:00:47]} {[%emt 00:00:07]} 29. Rxf5 {[%clk 00:04:17]} {[%emt
00:00:02]} Qd6 {[%clk 00:00:44]} {[%emt 00:00:08]} 30. Nf4 {[%clk 00:03:29]}
{[%emt 00:00:53]} Kd7 {[%clk 00:00:41]} {[%emt 00:00:09]} 31. Qh3 {[%clk
00:03:25]} {[%emt 00:00:08]} Kc7 {[%clk 00:00:41]} {[%emt 00:00:05]} 32. Rg7
{[%clk 00:02:57]} {[%emt 00:00:33]} Rf8 {[%clk 00:00:40]} {[%emt 00:00:06]} 33.
Ng6 {[%clk 00:02:36]} {[%emt 00:00:26]} Ne7 {[%clk 00:00:36]} {[%emt 00:00:09]}
34. Nxf8 {[%clk 00:02:29]} {[%emt 00:00:12]} Nxf5 {[%clk 00:00:37]} {[%emt
00:00:04]} 35. Rxf7+ {[%clk 00:02:30]} {[%emt 00:00:03]} Ne7 {[%clk 00:00:25]}
{[%emt 00:00:18]} 36. Ne6+ {[%clk 00:02:33]} {[%emt 00:00:03]} Kb7 {[%clk
00:00:22]} {[%emt 00:00:08]} 37. Rxf6 {[%clk 00:02:29]} {[%emt 00:00:09]} Rg8
{[%clk 00:00:24]} {[%emt 00:00:02]} 38. Nec5+ {[%clk 00:02:26]} {[%emt
00:00:08]} 1-0

[Event "World Youth & Cadets Rapid Championships"]
[Site "Rhodes, Greece"]
[Date "2022.05.02"]
[Round "7.36"]
[White "Maton, Emily"]
[Black "Berezovsky, Fiorina"]
[Result "1-0"]
[TimeControl "10'/game & 5\"/move"]
[WhiteElo "1324"]
[BlackElo "1435"]

1. c4 {[%clk 00:10:09]} c5 {[%clk 00:10:02]} {[%emt 00:00:09]} 2. g3 {[%clk
00:10:13]} {[%emt 00:00:01]} g6 {[%clk 00:09:51]} {[%emt 00:00:16]} 3. Bg2
{[%clk 00:10:16]} {[%emt 00:00:01]} Bg7 {[%clk 00:09:54]} {[%emt 00:00:02]} 4.
Nf3 {[%clk 00:10:19]} {[%emt 00:00:02]} Nf6 {[%clk 00:09:54]} {[%emt 00:00:05]}
5. Nc3 {[%clk 00:10:23]} {[%emt 00:00:01]} Nc6 {[%clk 00:09:56]} {[%emt
00:00:04]} 6. d3 {[%clk 00:10:25]} {[%emt 00:00:03]} O-O {[%clk 00:09:47]}
{[%emt 00:00:12]} 7. O-O {[%clk 00:10:27]} {[%emt 00:00:04]} d6 {[%clk
00:09:51]} {[%emt 00:00:02]} 8. a3 {[%clk 00:10:25]} {[%emt 00:00:07]} Bf5
{[%clk 00:09:34]} {[%emt 00:00:22]} 9. Bf4 {[%clk 00:10:22]} {[%emt 00:00:08]}
a6 {[%clk 00:09:10]} {[%emt 00:00:29]} 10. Rb1 {[%clk 00:10:17]} {[%emt
00:00:10]} Nd7 {[%clk 00:08:32]} {[%emt 00:00:43]} 11. Qc1 {[%clk 00:10:02]}
{[%emt 00:00:20]} Nde5 {[%clk 00:08:19]} {[%emt 00:00:17]} 12. Nxe5 {[%clk
00:09:49]} {[%emt 00:00:18]} dxe5 {[%clk 00:07:13]} {[%emt 00:01:12]} 13. Be3
{[%clk 00:09:21]} {[%emt 00:00:33]} Qd6 {[%clk 00:06:26]} {[%emt 00:00:52]} 14.
Na4 {[%clk 00:08:51]} {[%emt 00:00:36]} Nd4 {[%clk 00:06:02]} {[%emt 00:00:28]}
15. Bxd4 {[%clk 00:08:53]} {[%emt 00:00:02]} exd4 {[%clk 00:05:56]} {[%emt
00:00:12]} 16. Bxb7 {[%clk 00:08:27]} {[%emt 00:00:31]} Rab8 {[%clk 00:05:56]}
{[%emt 00:00:05]} 17. Bg2 {[%clk 00:08:30]} {[%emt 00:00:02]} a5 {[%clk
00:05:52]} {[%emt 00:00:09]} 18. Qd2 {[%clk 00:08:15]} {[%emt 00:00:20]} Qc7
{[%clk 00:05:27]} {[%emt 00:00:30]} 19. Rfd1 {[%clk 00:06:49]} {[%emt
00:01:32]} Bd7 {[%clk 00:05:20]} {[%emt 00:00:11]} 20. b3 {[%clk 00:06:31]}
{[%emt 00:00:23]} Bxa4 {[%clk 00:05:15]} {[%emt 00:00:10]} 21. bxa4 {[%clk
00:06:35]} {[%emt 00:00:01]} h5 {[%clk 00:04:23]} {[%emt 00:00:57]} 22. Rb5
{[%clk 00:06:28]} {[%emt 00:00:13]} Rxb5 {[%clk 00:03:43]} {[%emt 00:00:44]} 23.
axb5 {[%clk 00:06:31]} {[%emt 00:00:02]} Rb8 {[%clk 00:03:30]} {[%emt
00:00:18]} 24. Rb1 {[%clk 00:05:37]} {[%emt 00:00:59]} Bf6 {[%clk 00:02:33]}
{[%emt 00:01:02]} 25. Qb2 {[%clk 00:04:48]} {[%emt 00:00:53]} Rb6 {[%clk
00:02:29]} {[%emt 00:00:09]} 26. Qd2 {[%clk 00:04:39]} {[%emt 00:00:15]} Rb8
{[%clk 00:02:32]} {[%emt 00:00:01]} 27. Bf3 {[%clk 00:03:23]} {[%emt 00:01:22]}
h4 {[%clk 00:02:12]} {[%emt 00:00:24]} 28. Kg2 {[%clk 00:03:08]} {[%emt
00:00:20]} Kg7 {[%clk 00:01:50]} {[%emt 00:00:28]} 29. b6 {[%clk 00:02:36]}
{[%emt 00:00:37]} Qd6 {[%clk 00:00:47]} {[%emt 00:01:07]} 30. Qxa5 {[%clk
00:01:44]} {[%emt 00:00:58]} e6 {[%clk 00:00:28]} {[%emt 00:00:24]} 31. Qb5
{[%clk 00:01:27]} {[%emt 00:00:21]} Bd8 {[%clk 00:00:23]} {[%emt 00:00:11]} 32.
b7 {[%clk 00:01:16]} {[%emt 00:00:16]} Bc7 {[%clk 00:00:19]} {[%emt 00:00:09]}
33. Qc6 {[%clk 00:00:57]} {[%emt 00:00:24]} Qe7 {[%clk 00:00:12]} {[%emt
00:00:12]} 34. a4 {[%clk 00:00:54]} {[%emt 00:00:09]} g5 {[%clk 00:00:12]}
{[%emt 00:00:04]} 35. Rb5 {[%clk 00:00:43]} {[%emt 00:00:15]} f5 {[%clk
00:00:10]} {[%emt 00:00:08]} 36. Qxc5 {[%clk 00:00:43]} {[%emt 00:00:05]} Qxc5
{[%clk 00:00:12]} {[%emt 00:00:02]} 37. Rxc5 {[%clk 00:00:46]} {[%emt
00:00:03]} g4 {[%clk 00:00:16]} {[%emt 00:00:01]} 38. Bc6 {[%clk 00:00:49]}
{[%emt 00:00:02]} h3+ {[%clk 00:00:17]} {[%emt 00:00:04]} 39. Kg1 {[%clk
00:00:44]} {[%emt 00:00:10]} Bd6 {[%clk 00:00:20]} {[%emt 00:00:02]} 40. Ra5
{[%clk 00:00:45]} {[%emt 00:00:04]} Bc7 {[%clk 00:00:15]} {[%emt 00:00:10]} 41.
Ra8 {[%clk 00:00:47]} {[%emt 00:00:02]} Rxb7 {[%clk 00:00:09]} {[%emt
00:00:11]} 42. Bxb7 {[%clk 00:00:51]} {[%emt 00:00:02]} Bb6 {[%clk 00:00:09]}
{[%emt 00:00:04]} 43. a5 {[%clk 00:00:53]} {[%emt 00:00:04]} 1-0